| 000 | 00580cam a2200193 a 4500 | ||
|---|---|---|---|
| 020 | _a0697228487 | ||
| 040 | _cPGraM | ||
| 082 | 0 | 0 | _a595 WCB 1998 C159 Or. |
| 100 | 1 | _aRomoser, William S. | |
| 245 | 1 | 4 | _aThe science of entomology / |
| 250 | _a4th ed. | ||
| 260 |
_aBoston, Mass. : _bWCB McGraw-Hill, _cc1998. |
||
| 300 |
_axiv, 605 p. : _bill., maps ; _c29 cm. |
||
| 650 | 0 | _aEntomology. | |
| 700 | 1 | _aStoffolano, J. G. | |
| 856 | 4 | 2 | _uhttp://www.loc.gov/catdir/description/mh022/96086438.html |
| 856 | 4 | 1 | _uhttp://www.loc.gov/catdir/toc/mh023/96086438.html |
| 942 | _cAEDBB | ||
| 999 |
_c19034 _d19034 |
||